Closing Lines Quiz Stats

 Plays Quiz Updated Sep 12, 2018

Score 0/15 Timer 06:00
3 Plays Today
Line Movie % Correct
I do wish we could chat longer, but I'm having an old friend for dinner. Bye.The Silence of the Lambs
69.5%
Louis, I think this is the beginning of a beautiful friendship.Casablanca
66.8%
Roads? Where we're going, we don't need roads.Back to the Future
59.8%
This is Ripley, last survivor of the Nostromo, signing off.Alien
51%
The greatest trick the Devil ever pulled was convincing the world he didn't exist. And like that, he's gone.The Usual Suspects
42.1%
You finally really did it. You maniacs! You blew it up! G** d*** you! G** d*** you all to hell!Planet Of The Apes
41.7%
Eliza? Where the devil are my slippers?My Fair Lady
40%
All right, Mr. De Mille, I'm ready for my close-up.Sunset Boulevard
33.7%
Line Movie % Correct
One thing about living in Santa Carla I never could stomach, all the damn vampires.The Lost Boys
28.2%
Goodnight, you princes of Maine. You kings of New England.The Cider House Rules
25%
I'm an average nobody. I get to live the rest of my life like a schnook.Goodfellas
22.7%
Good. For a moment there, I thought we were in trouble.Butch Cassidy and the Sundance Kid
12.9%
Mediocrities everywhere. I absolve you! I absolve you! I absolve you! I absolve you! I absolve you all!Amadeus
9.2%
I'm the boss, I'm the boss, I'm the boss, I'm the boss, I'm the boss...(I'm the) boss, boss, boss, boss, boss, boss.Raging Bull
7.5%
You know what you are? Just a dirty son-of-a-b...!The Good, the Bad, and the Ugly
5.4%

You're not logged in!

Compare scores with friends on all Sporcle quizzes.
OR
Log In

Sporcle TV

Today on Sporcle TV


Watch our educational content, quiz creation guides, and fun videos on Sporcle TV.

Show Comments

Extras

Top Quizzes Today


Score Distribution

Your Account Isn't Verified!

In order to create a playlist on Sporcle, you need to verify the email address you used during registration. Go to your Sporcle Settings to finish the process.

Report this User

Report this user for behavior that violates our Community Guidelines.

Details: